1083 1327 1793 1471 1538 1181 1339 1291 1856 1481 1407 1479 1926 1572 1752 1235 1145 1228 1337 1262 1938 1348 1251 1099 1566 1824 1451 1863 1134 1543 1980 1722 1341 1063 1649 1553 1770 1864 1540 1127 1543 1078 1253 1372 1375 1273 1692 1480 1945 1711 1869 1180 1164 1659 1006 1809 1738 1544 1828 1379 1830 1559 1647 1555 1582 1185 1529 1089 1410 1396 1536 1966 1091 1265 1425 1122 1296 1778 1719 1535 1598 1753 1086 1820 1591 1913 1421 1400 1388 1431 1309 1067 1234 1550 1177 1254 1806 1904 1850 BCNSPRNW ULIB Ver.6.0+V

เปลี่ยนเป็นภาษาไทย

Change to English
 แสดงรายละเอียดบรรณานุกรม
  กลับหน้าหลัก

Brief Record : Get Marc (ISO 2709) : E-mail record : QR code < ปิดหน้าต่าง
LEADER : 00000nam 2200000uu 4500
001    13399121997
003     ULIB
008    121218s2547||||th 000 0 tha d
020    ^a9789749716328
060 04 ^aWL 355^bก793ก 2547
245 00 ^aการฟื้นฟูสมรรถภาพผู้ป่วยโรคหลอดเลือดสมอง /^cกิ่งแก้ว ปาจรีย์, บรรณาธิการ
260    ^aกรุงเทพฯ :^bงานตำราวารสารและสิ่งพิมพ์สถานเทคโนโลยีการศึกษาแพทยศาสตร์ คณะแพทยศาสตร์ศิริราชพยาบาลมหาวิทยาลัยมหิดล,^c2547
300    ^a309 หน้า :^bภาพประกอบ
440  0 ^aงานตำราวารสารและสิ่งพิมพ์ รายการที่ 19 (3-2547)
650  2 ^aCerebrovascular disease^xRehabilitation
650  2 ^aStroke
700 00 ^aกิ่งแก้ว ปาจรีย์,^eบรรณาธิการ
945    ^p0^l0^i13863
995    ^a กัณชพร
999 ^a ใช้งานได้ทุกระบบ
รายการนี้ยังไม่มีแท็ก
คุณยังไม่ได้ล็อกอิน คุณสามารถมีกิจกรรมร่วมกับเว็บไซต์ได้ แต่ต้องล็อกอินก่อน ::
  ล็อกอิน

รายการสื่อสารสนเทศ

ลำดับที่ ประเภท เลขเรียก/บาร์โค้ด สถานที่ สถานะ
1. วิทยาศาสตร์การแพทย์ และสุขภาพ
วิทยาศาสตร์การแพทย์ และสุขภาพ
WL 355 ก793ก 2547  
  Barcode: 13863
ห้องสมุดวิทยาเขตสวรรค์ประชารักษ์
►หนังสือทั่วไป
บนชั้น

รายการใกล้เคียง
    หัวเรื่อง [Stroke]

BibComment


ยังไม่เคยถูกคอมเมนท์

คอมเมนท์ทรัพยากรรายการนี้
  คอมเมนท์: การฟื้นฟูสมรรถภา..


 Copyright 2026. Bcnsprnw @Library